HARPER'S ILLUSTRATED BIOCHEMISTRY (Record no. 8781)

MARC details
000 -LEADER
fixed length control field 00352nam a22001577a 4500
003 - CONTROL NUMBER IDENTIFIER
control field SGT
020 ## - INTERNATIONAL STANDARD BOOK NUMBER
International Standard Book Number 978-1-25-925286-0
082 ## - DEWEY DECIMAL CLASSIFICATION NUMBER
Classification number 615.015
Item number H15R
100 ## - MAIN ENTRY--PERSONAL NAME
Personal name RODWELL V.W
245 ## - TITLE STATEMENT
Title HARPER'S ILLUSTRATED BIOCHEMISTRY
250 ## - EDITION STATEMENT
Edition statement 30TH
260 ## - PUBLICATION, DISTRIBUTION, ETC. (IMPRINT)
Place of publication, distribution, etc DELHI
Name of publisher, distributor, etc MC-GRAW - HILL
Year of Publication 2015
300 ## - PAGE DESCRIPTION
No. of Pages 816
650 ## - SUBJECT ADDED ENTRY--TOPICAL TERM
Topical term or geographic name as entry element BIOCHEMISTRY
942 ## - ADDED ENTRY ELEMENTS (KOHA)
Source of classification or shelving scheme Dewey Decimal Classification
Koha item type Books
942 ## - ADDED ENTRY ELEMENTS (KOHA)
-- 1
Holdings
Withdrawn status Lost status Source of classification or shelving scheme Damaged status Not for loan Collection code Home library Current library Shelving location Date acquired Vendor Name Cost, normal purchase price SGTU Bill Number Total Checkouts Full call number Accession No. (Barcode) Date last seen Date last borrowed Bill Date Koha item type
    Dewey Decimal Classification     PHARMACY SGT FA-FP Library SGT FA-FP Library Reference Book 07/04/2016 AHUJA 1076.00 SGTU 6742 2 615.015 H15R FP1792 23/09/2021 23/09/2021 16/03/2016 Books
    Dewey Decimal Classification     PHARMACY SGT FA-FP Library SGT FA-FP Library Reference Book 07/04/2016 AHUJA 1076.00 SGTU 6742   615.015 H15R FP1793 07/04/2016   16/03/2016 Books